La vie des animaux

Zapisane w:
Opis bibliograficzny
1. autor: Grassé, Pierre Paul (Autor)
Format: Książka
Język:francuski
Wydane: París Larousse 1968
Hasła przedmiotowe:
Etykiety: Dodaj etykietę
Nie ma etykietki, Dołącz pierwszą etykiete!

MARC

LEADER 00000nam a2200000 a 4500
001 UCT3262
003 CL-VaPUC
008 961018e19680000FR |||||||||||||||||fre|d
082 0 4 |a 591  |b GRA  |2 21 
100 |a Grassé, Pierre Paul  |e author  |9 372187 
245 1 3 |a La vie des animaux 
300 |a 3 v 
942 |c BK 
945 |d 19961018 00:00:00  |a paguirre 
260 |a París  |b Larousse  |c 1968 
500 |a v.1: Le peuplement de la terre 
500 |a v.2: La progression de la vie 
500 |a v.3: La montée vers l'homme 
650 0 |a Zoología  |9 261613 
650 0 |a Enciclopedias  |9 264135 
650 0 |a Animales   |9 269820 
650 0 |a Organismos vivos  |9 264556 
650 7 |a RECURSOS ANIMALES  |2 CL-VaPUC  |9 357360 
583 |a last modification  |c 19961018 00:00:00  |k Rodrigo Vera 
999 |c 252981  |d 252979